La presencia del pasado

Gorde:
Xehetasun bibliografikoak
Egile nagusia: Krauze, Enrique (Egilea)
Formatua: Liburua
Hizkuntza:gaztelania
Argitaratua: Cuernavaca Tusquets 2005
Edizioa:1a. ed
Saila:Colección Andanzas, 207
Gaiak:
Etiketak: Etiketa erantsi
Etiketarik gabe, Izan zaitez lehena erregistro honi etiketa jartzen!

MARC

LEADER 00000cam a2200000 a 4500
001 UCF4040
003 CL-VaPUC
008 121115e20051000MX |||||||||||||||||spa|d
020 |a 9789706991164 
082 0 4 |a 972.02  |b KRA  |2 21 
100 |a Krauze, Enrique  |e author  |9 567969 
245 1 3 |a La presencia del pasado 
250 |a 1a. ed 
300 |a 384 p 
942 |c BK 
945 |d 20121115 00:00:00  |a dcastane 
260 |a Cuernavaca  |b Tusquets  |c 2005 
650 0 |a Historia de México  |9 321806 
650 0 |a Descubrimiento y Conquista de América  |9 446281 
650 7 |a HISTORIA SIGLOS 15-16  |2 CL-VaPUC  |9 317301 
651 0 |a México  |9 255269 
583 |a last modification  |c 20121115 10:00:00  |k Rodrigo Vera 
490 0 |a Colección Andanzas, 207 
999 |c 350036  |d 350034 
952 |0 0  |1 0  |4 0  |6 972_020000000000000_KRA_2005  |7 0  |8 A  |9 453006  |a BIBHIS  |b BIBHIS  |d 2019-11-22  |i 4924126  |o 972.02 KRA 2005  |p 4924126  |r 2025-01-20  |w 2019-11-22  |y BK  |k HIS